Every Number 1 Name 1960-2017 By State Quiz Stats

 Plays Quiz not verified by Sporcle

Support Sporcle.
Go Orange.
Score 0/80 Timer 10:00
0 Plays Today
Hint Answer % Correct
JJohn
92.5%
WWilliam
91.7%
JJames
91%
DDavid
89.5%
MMichael
89.5%
OOlivia
87.2%
MMary
85.7%
JJennifer
85%
DDaniel
85%
EElizabeth
84.2%
EEmily
83.5%
EEmma
83.5%
IIsabella
83.5%
AAlexander
83.5%
RRobert
82.7%
AAshley
82%
JJose
82%
JJessica
80.5%
MMatthew
80.5%
AAva
79.7%
OOliver
78.2%
SSarah
77.4%
CChristopher
75.9%
HHenry
73.7%
JJoshua
72.9%
JJacob
72.9%
KKatherine
72.2%
AAmanda
71.4%
HHannah
71.4%
AAlexis
69.9%
NNicholas
69.2%
SSamuel
68.4%
JJason
67.7%
JJackson
66.9%
AAnthony
66.9%
EEthan
66.2%
BBenjamin
66.2%
MMadison
65.4%
AAngel
65.4%
OOwen
64.7%
Hint Answer % Correct
LLisa
63.9%
JJulie
63.9%
LLiam
63.9%
SSophia
63.9%
SSamantha
63.2%
AAngela
63.2%
RRyan
61.7%
NNoah
60.9%
EEvelyn
59.4%
CCharlotte
59.4%
AAiden
58.6%
LLucas
58.6%
MMichelle
57.1%
MMelissa
56.4%
SSusan
55.6%
KKimberly
54.9%
TTaylor
54.9%
LLogan
54.9%
AAddison
53.4%
KKaren
51.9%
JJustin
51.9%
TTyler
51.1%
KKayla
50.4%
MMason
49.6%
BBrittany
48.9%
IIsaiah
48.1%
AAlyssa
45.1%
WWyatt
44.4%
EElijah
44.4%
JJayden
44.4%
MMia
43.6%
MMegan
41.4%
DDonna
40.6%
BBrenda
40.6%
HHarper
39.8%
JJasmine
37.6%
AAustin
33.8%
LLori
26.3%
CCarter
24.8%
GGenesis
15%

You're not logged in!

Compare scores with friends on all Sporcle quizzes.
OR
Log In

From the Vault

'J' Cities by Picture

by william2

Just make sure all your affairs are in order if you try travelling.
Remove Ads.
Support Sporcle.
Get the best of Sporcle when you Go Orange. This ad-free experience offers more features, more stats, and more fun while also helping to support Sporcle. Thank you for becoming a member.

Show Comments

Extras

Created Aug 2, 2018ReportNominate
Tags:Baby Names Quiz

Top Quizzes Today


Score Distribution

Your Account Isn't Verified!

In order to create a playlist on Sporcle, you need to verify the email address you used during registration. Go to your Sporcle Settings to finish the process.

Report this User

Report this user for behavior that violates our Community Guidelines.

Details: